| 000 -LEADER |
| fixed length control field |
00386 a2200145 4500 |
| 003 - CONTROL NUMBER IDENTIFIER |
| control field |
OSt |
| 005 - DATE AND TIME OF LATEST TRANSACTION |
| control field |
20231223163952.0 |
| 008 - FIXED-LENGTH DATA ELEMENTS--GENERAL INFORMATION |
| fixed length control field |
231223b ||||| |||| 00| 0 eng d |
| 020 ## - INTERNATIONAL STANDARD BOOK NUMBER |
| International Standard Book Number |
9781407564081 |
| 082 ## - DEWEY DECIMAL CLASSIFICATION NUMBER |
| Classification number |
206.57 |
| Item number |
HAT |
| 100 ## - MAIN ENTRY--PERSONAL NAME |
| Personal name |
Hattstein, Markus |
| 245 ## - TITLE STATEMENT |
| Title |
Monasteries : |
| Remainder of title |
places of spirituality and seclusion around the world |
| 260 ## - PUBLICATION, DISTRIBUTION, ETC. (IMPRINT) |
| Name of publisher, distributor, etc |
Parragon Inc |
| Date of publication, distribution, etc |
2010 |
| 942 ## - ADDED ENTRY ELEMENTS (KOHA) |
| Source of classification or shelving scheme |
|